[Event "Najdorf Memorial"]
[Site "Warsaw POL"]
[Date "2015.07.16"]
[Round "7.5"]
[White "Markowski, Tomasz"]
[Black "Mista, Aleksander"]
[Result "0-1"]
[WhiteElo "2566"]
[BlackElo "2585"]
[Annotator ""]
[Source ""]
[Remark ""]

1.d4 g6 2.c4 Nf6 3.Nc3 Bg7 4.g3 O-O 5.Bg2 d6 6.Nf3 Nc6 7.O-O
Bg4 8.Be3 e5 9.dxe5 dxe5 10.Qb3 Qc8 11.Rfd1 Re8 12.Nd5 Nd7 13.Rd2
Bxf3 14.Bxf3 Nd4 15.Bxd4 exd4 16.Nf4 c6 17.Nd3 Qc7 18.Qa4 h5
19.b4 Bh6 20.Rdd1 h4 21.b5 c5 22.Rab1 Bg5 23.Kg2 Kg7 24.Qa3 Qb6
25.Qb2 Nf6 26.a4 Ne4 27.a5 Qd6 28.e3 hxg3 29.hxg3 Bxe3 30.Bxe4
Rxe4 31.fxe3 Rxe3 32.Qf2 Qe7 33.Qf4 Rxd3 0-1

[Event "Najdorf Memorial"]
[Site "Warsaw POL"]
[Date "2015.07.16"]
[Round "7.6"]
[White "Kanarek, Marcel"]
[Black "Swiercz, Dariusz"]
[Result "1-0"]
[WhiteElo "2508"]
[BlackElo "2634"]
[Annotator ""]
[Source ""]
[Remark ""]

1.d4 Nf6 2.c4 e6 3.Nf3 d5 4.Nc3 Nbd7 5.e3 Be7 6.Bd3 O-O 7.O-O
b6 8.Qe2 Bb7 9.Rd1 Ne4 10.Nd2 f5 11.f3 Bd6 12.fxe4 fxe4 13.Bc2
Qh4 14.g3 Bxg3 15.hxg3 Qxg3+ 16.Qg2 Qxe3+ 17.Kh1 Qh6+ 18.Qh2
Qf6 19.cxd5 exd5 20.Nf1 Ba6 21.Ng3 Qe6 22.Nxd5 Qxd5 23.Bxe4 Qd6
24.Qxh7+ Kf7 25.Qh5+ g6 26.Qd5+ Qxd5 27.Bxd5+ Kg7 28.Bxa8 1-0

[Event "Najdorf Memorial"]
[Site "Warsaw POL"]
[Date "2015.07.16"]
[Round "7.7"]
[White "Krasenkow, Michal"]
[Black "Sunilduth Lyna, Narayanan"]
[Result "1-0"]
[WhiteElo "2610"]
[BlackElo "2475"]
[Annotator ""]
[Source ""]
[Remark ""]

1.Nf3 Nf6 2.c4 e6 3.Nc3 d5 4.d4 Be7 5.Bg5 h6 6.Bxf6 Bxf6 7.Qb3
dxc4 8.Qxc4 O-O 9.e3 Nd7 10.Rd1 a6 11.Ne4 b5 12.Qc2 c5 13.dxc5
Qa5+ 14.Nfd2 Bb7 15.Bd3 Bxe4 16.Bxe4 Rac8 17.c6 Qxa2 18.Nb3 Nb6
19.Ra1 Qxb2 20.Qxb2 Bxb2 21.Rxa6 Nc4 22.Ke2 Rfd8 23.Rd1 Rxd1
24.Kxd1 Be5 25.Bd3 Kf8 26.Bxc4 bxc4 27.Nd2 c3 28.Nc4 Bxh2 29.Kc2
Bc7 30.Kxc3 h5 31.Kb4 g5 32.Kc5 h4 33.Ra7 g4 34.Nd6 Bxd6+ 35.Kxd6
Rd8+ 36.Kc5 h3 37.gxh3 gxh3 38.c7 Re8 39.Kc6 h2 40.Ra1 Ke7 41.Kb7 1-0

[Event "Najdorf Memorial"]
[Site "Warsaw POL"]
[Date "2015.07.16"]
[Round "7.8"]
[White "Piorun, Kacper"]
[Black "Sadzikowski, Daniel"]
[Result "1-0"]
[WhiteElo "2591"]
[BlackElo "2477"]
[Annotator ""]
[Source ""]
[Remark ""]

1.e4 c5 2.Nf3 d6 3.d4 cxd4 4.Nxd4 Nf6 5.Nc3 a6 6.g3 g6 7.Bg2
Bg7 8.O-O Bg4 9.Qe1 Qd7 10.Be3 Nc6 11.Nxc6 bxc6 12.Na4 Rb8 13.c4
O-O 14.f3 Bh3 15.Rd1 Bxg2 16.Kxg2 Qe6 17.b3 Nd7 18.c5 Rbd8 19.cxd6
exd6 20.Bg5 Rc8 21.Qd2 d5 22.exd5 cxd5 23.Rfe1 Qf5 24.g4 Qc2
25.Re7 Nf6 26.Nb6 Rc5 27.Re2 Qxd2 28.Rexd2 Rd8 29.Bxf6 Bxf6 30.Nxd5
Rd6 31.b4 Rc4 32.a3 Kg7 33.Nxf6 Rxf6 34.Rd6 a5 35.Rxf6 Kxf6 36.Rd6+
Ke5 37.Rb6 Rc3 38.bxa5 Rxa3 39.a6 f6 40.Kg3 g5 41.h4 Ra2 42.h5
Ra5 43.Kf2 Ra2+ 44.Ke3 Ra5 45.Kd3 f5 46.gxf5 Kxf5 47.Kc4 Kf4
48.Kb4 Ra1 49.Rf6+ Ke5 50.Rc6 Kf4 51.Rc4+ Kg3 52.Kb5 Kxf3 53.Ra4
Rb1+ 54.Kc6 Rb8 55.a7 Rg8 56.a8Q Rxa8 57.Rxa8 Kg4 58.h6 1-0

[Event "Najdorf Memorial"]
[Site "Warsaw POL"]
[Date "2015.07.16"]
[Round "7.9"]
[White "Tomczak, Jacek"]
[Black "Bilguun, Sumiya"]
[Result "1-0"]
[WhiteElo "2579"]
[BlackElo "2361"]
[Annotator ""]
[Source ""]
[Remark ""]

1.e4 c5 2.Nf3 e6 3.d4 cxd4 4.Nxd4 a6 5.Bd3 Qc7 6.Qe2 d6 7.b3
Nf6 8.Bb2 Nbd7 9.Nd2 e5 10.Nf5 b6 11.h4 g6 12.Ne3 Bb7 13.g4 Nc5
14.O-O-O Ne6 15.Ng2 Rc8 16.Qf3 Be7 17.Kb1 d5 18.c4 d4 19.Qe2
Nd7 20.g5 a5 21.f4 exf4 22.Nf3 Ne5 23.Nxe5 Qxe5 24.Ne1 Rd8 25.Nf3
Qc7 26.Bc2 Bc5 27.h5 Qe7 28.Rh2 Nxg5 29.Nxg5 Qxg5 30.Rdh1 Rg8
31.hxg6 hxg6 32.Rh7 Ke7 33.a3 Qe5 34.Qd2 Qd6 35.e5 Qe6 36.Re1
d3 37.Bxd3 Qd7 38.e6 Qxd3+ 39.Qxd3 Rxd3 40.exf7+ 1-0

[Event "Najdorf Memorial"]
[Site "Warsaw POL"]
[Date "2015.07.16"]
[Round "7.10"]
[White "Vydeslaver, Alik"]
[Black "Rozentalis, Eduardas"]
[Result "0-1"]
[WhiteElo "2398"]
[BlackElo "2530"]
[Annotator ""]
[Source ""]
[Remark ""]

1.d4 Nf6 2.Bg5 e6 3.e4 h6 4.Bxf6 Qxf6 5.Nf3 d6 6.Nc3 Nd7 7.Qd2
a6 8.O-O-O Qd8 9.h4 b5 10.Bd3 Bb7 11.Qf4 Be7 12.Rh3 c5 13.dxc5
Nxc5 14.e5 d5 15.Kb1 Nxd3 16.Rxd3 Qb6 17.Nd4 Rf8 18.Rhg3 g5 19.hxg5
hxg5 20.Qe3 Rc8 21.Nce2 Rh8 22.Rh3 Kd7 23.Qf3 Rxh3 24.Qxh3 b4
25.Qh7 Rf8 26.f4 gxf4 27.Nxf4 a5 28.g4 Kc8 29.Qg7 Bc6 30.b3 Bc5
31.g5 Bd7 32.Rd1 Qd8 33.Nh5 Bxd4 34.Rxd4 Rg8 35.Qxf7 Rxg5 36.Nf6
Rg1+ 37.Kb2 Qc7 38.Qxd7+ Qxd7 39.Nxd7 Kxd7 40.a3 bxa3+ 41.Kxa3
Kc6 42.Kb2 Re1 43.Ra4 Kb5 44.Kc3 Rxe5 45.Kd3 Rh5 46.c4+ dxc4+
47.Rxc4 Rd5+ 48.Ke3 e5 49.Rh4 Kc6 50.Rh6+ Kb5 51.Rh4 Rd1 52.Rh5
Kb4 53.Ke2 Rd5 54.Rh3 Ka3 0-1

[Event "Najdorf Memorial"]
[Site "Warsaw POL"]
[Date "2015.07.16"]
[Round "7.11"]
[White "Klekowski, Maciej"]
[Black "Volokitin, Andrei"]
[Result "1/2-1/2"]
[WhiteElo "2475"]
[BlackElo "2654"]
[Annotator ""]
[Source ""]
[Remark ""]

1.c4 c5 2.Nc3 Nf6 3.Nf3 d5 4.cxd5 Nxd5 5.g3 Nc6 6.Bg2 Nc7 7.d3
e5 8.O-O Be7 9.Be3 O-O 10.Nd2 Bd7 11.a4 Kh8 12.Nc4 f6 13.a5 Na6
14.f4 exf4 15.Bxf4 Be6 16.Qa4 Qd7 17.Rad1 Bh3 18.Bxh3 Qxh3 19.Nd5
Rfe8 20.e4 Rad8 21.Qb5 Qd7 22.Be3 Ncb4 23.Qxd7 Rxd7 24.Nxe7 Rdxe7
25.Rf5 Rc8 26.g4 h6 27.h4 Rd8 28.g5 Rxe4 29.dxe4 Rxd1+ 30.Kf2
fxg5 31.hxg5 hxg5 32.Ke2 Rd7 33.Ne5 Rc7 34.Kf3 Nc6 35.Kg4 Nxe5+
36.Rxe5 Kg8 37.Kxg5 Rc6 38.Re8+ Kf7 39.Ra8 Rc7 1/2-1/2

[Event "Najdorf Memorial"]
[Site "Warsaw POL"]
[Date "2015.07.16"]
[Round "7.12"]
[White "Socko, Monika"]
[Black "Neiksans, Arturs"]
[Result "0-1"]
[WhiteElo "2472"]
[BlackElo "2597"]
[Annotator ""]
[Source ""]
[Remark ""]

1.e4 c5 2.Nf3 e6 3.d4 cxd4 4.Nxd4 a6 5.Nc3 Qc7 6.Bd3 Nf6 7.Qe2
d6 8.O-O g6 9.Kh1 e5 10.Bg5 Nbd7 11.f4 Bg7 12.fxe5 dxe5 13.Nb3
O-O 14.a4 b6 15.Rf2 h6 16.Bh4 Bb7 17.Raf1 Nh5 18.g3 f5 19.Nd5
Bxd5 20.exd5 Nhf6 21.Bxf6 Nxf6 22.Bxa6 Kh7 23.Rd1 Rfd8 24.Qc4
Qxc4 25.Bxc4 Rxa4 26.Bb5 Rb4 27.Bc6 Ne4 28.Re2 Nd6 29.Ra1 e4
30.Ra7 h5 31.Re1 Kh6 32.Rb1 Nc4 33.Re7 Bxb2 34.Nd4 Bc3 35.Rxb4
Bxb4 36.Ra7 e3 37.Kg2 Ne5 38.Ra1 Bc3 39.Ne6 Nxc6 40.dxc6 Rc8 0-1

[Event "Najdorf Memorial"]
[Site "Warsaw POL"]
[Date "2015.07.16"]
[Round "7.13"]
[White "Matuszewski, Michal"]
[Black "Macieja, Bartlomiej"]
[Result "1/2-1/2"]
[WhiteElo "2471"]
[BlackElo "2586"]
[Annotator ""]
[Source ""]
[Remark ""]

1.Nf3 c5 2.g3 g6 3.Bg2 Bg7 4.O-O Nc6 5.d3 d6 6.e4 e5 7.c3 Nge7
8.a3 a5 9.a4 O-O 10.Na3 h6 11.Nd2 Be6 12.Ndc4 d5 13.exd5 Bxd5
14.Nb5 Kh7 15.Bxd5 Nxd5 16.Qf3 Qd7 17.Qg2 Rad8 18.Bd2 f5 19.Ncd6
Nde7 20.f4 Nc8 21.fxe5 Bxe5 22.Nc4 Qxd3 23.Nxe5 Qxd2 24.Rf2 Qd5
25.Qxd5 Rxd5 26.Nxc6 bxc6 27.Nc7 Re5 28.Rd1 Nb6 29.Rd6 Nxa4 30.c4
Re7 31.Na6 Rc8 32.b3 Nc3 33.Nxc5 Rcc7 34.Rf3 Ne4 35.Nxe4 Rxe4
36.Rfd3 Kg7 37.Rd7+ Re7 38.Rxc7 Rxc7 39.Rd6 Rb7 40.Rxc6 Rxb3
41.Ra6 Rb1+ 42.Kf2 Rb2+ 43.Ke3 Rxh2 44.Rxa5 h5 45.Kd4 Rd2+ 46.Ke5
Rd3 47.c5 Rxg3 48.c6 Rc3 49.Kd6 h4 50.c7 h3 51.Ra3 Rxa3 52.c8Q
Re3 53.Qc5 1/2-1/2

[Event "Najdorf Memorial"]
[Site "Warsaw POL"]
[Date "2015.07.16"]
[Round "7.14"]
[White "Dragun, Kamil"]
[Black "Nguyen, Piotr"]
[Result "1/2-1/2"]
[WhiteElo "2586"]
[BlackElo "2273"]
[Annotator ""]
[Source ""]
[Remark ""]

1.c4 c5 2.Nc3 g6 3.g3 Bg7 4.Bg2 Nc6 5.Nf3 e5 6.a3 a5 7.O-O Nge7
8.Rb1 d6 9.Ne1 Be6 10.d3 O-O 11.Nc2 d5 12.cxd5 Nxd5 13.Ne3 Nde7
14.Nc4 Rb8 15.Bg5 h6 16.Bxe7 Nxe7 17.a4 f5 18.Qb3 b6 19.Rbd1
Qe8 20.Qb5 Bd7 21.Qa6 Qd8 22.Ne3 Be6 23.Nc4 Bd7 24.Ra1 Kh7 25.Ra3
Bc6 26.Rb3 Rf6 27.Bxc6 Nxc6 28.Rxb6 Ra8 29.Qb7 Ra7 30.Qxc6 Rxc6
31.Rxc6 e4 32.Nb5 Re7 33.Rd6 Qe8 34.e3 Rd7 35.dxe4 fxe4 36.Rfd1
Rxd6 37.Rxd6 h5 38.b3 h4 39.gxh4 Qc8 40.Nxa5 Qg4+ 41.Kf1 Qh3+
42.Ke1 Qxh2 43.Nc4 Qh1+ 44.Ke2 Qf3+ 45.Ke1 Qh1+ 46.Ke2 Qf3+ 47.Ke1
Qh1+ 48.Ke2 1/2-1/2

[Event "Najdorf Memorial"]
[Site "Warsaw POL"]
[Date "2015.07.16"]
[Round "7.15"]
[White "Czerwonski, Aleksander"]
[Black "Olszewski, Michal"]
[Result "1/2-1/2"]
[WhiteElo "2375"]
[BlackElo "2562"]
[Annotator ""]
[Source ""]
[Remark ""]

1.d4 Nf6 2.c4 g6 3.Nc3 Bg7 4.e4 d6 5.f3 O-O 6.Bg5 a6 7.Qd2 Nbd7
8.Nh3 c6 9.Nf2 b5 10.Be2 bxc4 11.Bxc4 Nb6 12.Be2 a5 13.Bh6 a4
14.Bxg7 Kxg7 15.O-O e5 16.Rfd1 Qe7 17.dxe5 dxe5 18.Qd6 Qxd6 19.Rxd6
Bb7 20.Rad1 Ne8 21.Rd8 Nc7 22.Rxf8 Kxf8 23.Nd3 Ra5 24.b4 axb3
25.axb3 Ba6 26.Nb4 Bxe2 27.Nxe2 c5 28.Nd3 Rb5 29.Nxe5 Rxb3 30.Rd8+
Kg7 31.Rb8 Rb2 32.Kf1 Ne6 33.Rb7 Nc4 34.Rxb2 Nxb2 35.Ke1 f6 36.Ng4
Nc4 37.Kf2 Kf7 38.Ne3 Ne5 39.Nd5 g5 40.Ke3 h5 41.h3 Ng6 42.g3
h4 43.f4 Nd4 44.gxh4 Nxe2 45.hxg5 Ng1 46.Nxf6 Nxh3 47.Nd7 Nhxf4 1/2-1/2

[Event "Najdorf Memorial"]
[Site "Warsaw POL"]
[Date "2015.07.16"]
[Round "7.16"]
[White "Bajarani, Ulvi"]
[Black "Reza, Wojciech"]
[Result "1-0"]
[WhiteElo "2515"]
[BlackElo "2212"]
[Annotator ""]
[Source ""]
[Remark ""]

1.e4 e5 2.Nf3 Nc6 3.Bb5 Nge7 4.Nc3 a6 5.Bc4 Ng6 6.d3 Be7 7.h4
h6 8.h5 Nf8 9.d4 exd4 10.Nxd4 Bf6 11.Be3 d6 12.Nd5 Bxd4 13.Bxd4
Nxd4 14.Qxd4 Ne6 15.Qc3 b5 16.Be2 c5 17.Qg3 Bb7 18.O-O-O O-O
19.Bg4 Nd4 20.c3 Bxd5 21.exd5 f5 22.cxd4 fxg4 23.dxc5 dxc5 24.Kb1
Ra7 25.d6 Rd7 26.Rd5 Qf6 27.Rhd1 Rfd8 28.a3 c4 29.R1d4 Qe6 30.Qf4
Rf8 31.Qe3 Qf6 32.Rxg4 Qxf2 33.Qe6+ Qf7 34.Re5 Qxe6 35.Rxe6 Rf5
36.Rxh6 Rd5 37.Kc2 R5xd6 38.Rxd6 Rxd6 39.Rg6 Rxg6 40.hxg6 Kf8
41.Kc3 Ke7 42.Kb4 Kd6 43.Ka5 Kc5 44.g3 Kd6 45.Kxa6 Kc6 46.Ka5
Kc5 47.g4 Kc6 48.Kb4 Kb6 49.a4 bxa4 50.Kxc4 Ka5 51.Kc5 1-0

[Event "Najdorf Memorial"]
[Site "Warsaw POL"]
[Date "2015.07.16"]
[Round "7.17"]
[White "Warakomski, Tomasz"]
[Black "Romanishin, Oleg M"]
[Result "1/2-1/2"]
[WhiteElo "2449"]
[BlackElo "2475"]
[Annotator ""]
[Source ""]
[Remark ""]

1.e4 e5 2.Nf3 Nc6 3.d4 exd4 4.Nxd4 Bc5 5.Nb3 Bb4+ 6.c3 Be7 7.Bf4
d6 8.N1d2 Bg5 9.Bg3 Qf6 10.Bc4 Nge7 11.Qh5 Ng6 12.Bxf7+ Kxf7
13.f4 Bh6 14.f5 Kg8 15.fxg6 hxg6 16.Qe2 Be6 17.Nf3 Bf4 18.Bxf4
Qxf4 19.g3 Qg4 20.Nbd2 Rf8 21.O-O Qh5 22.Rf2 Qc5 23.Raf1 Bh3
24.Re1 Bg4 25.Qe3 Qxe3 26.Rxe3 Rh5 27.h4 Ra5 28.a3 Bxf3 29.Rexf3
Rxf3 30.Nxf3 Ne5 31.Ng5 Ng4 32.Rd2 Re5 33.Rd4 Nf6 34.Kf2 a5 35.Kf3
b6 36.a4 Kf8 37.Nh3 Kf7 38.Nf4 Re8 39.Nd5 Nxd5 40.exd5 Re5 41.Rc4
Re7 42.Rf4+ Kg8 43.Rc4 Kh7 44.b4 g5 45.bxa5 bxa5 46.Rc6 gxh4
47.gxh4 Kg6 48.Ra6 Kf5 49.Ra8 Ke5 50.Rxa5 Rf7+ 1/2-1/2

[Event "Najdorf Memorial"]
[Site "Warsaw POL"]
[Date "2015.07.16"]
[Round "7.19"]
[White "Kveinys, Aloyzas"]
[Black "Deszczynski, Adam"]
[Result "1-0"]
[WhiteElo "2497"]
[BlackElo "2356"]
[Annotator ""]
[Source ""]
[Remark ""]

1.d4 Nf6 2.Bg5 Ne4 3.Bf4 e6 4.Nd2 Nxd2 5.Qxd2 d5 6.Nf3 Bd6 7.Bg3
O-O 8.e3 c5 9.Bd3 Nc6 10.O-O b6 11.c3 Bb7 12.Rad1 Bxg3 13.hxg3
Qe7 14.Rfe1 Rad8 15.a3 a5 16.Qc2 g6 17.Qa4 Qc7 18.dxc5 bxc5 19.e4
d4 20.Qb5 dxc3 21.bxc3 Na7 22.Qc4 Nc8 23.Bc2 Nb6 24.Qb5 Nd7 25.Nd2
Bc6 26.Qe2 e5 27.Qc4 Rb8 28.Rb1 a4 29.Qa6 Ra8 30.Qd3 Rfd8 31.Qe3
Rab8 32.Nc4 Bb5 33.Bd3 Bc6 34.g4 Kg7 35.g5 Rxb1 36.Rxb1 Rb8 37.Rd1
Bb5 38.Qf3 Rd8 39.Nd6 Qxd6 40.Bxb5 Qe7 41.Qd3 1-0

[Event "Najdorf Memorial"]
[Site "Warsaw POL"]
[Date "2015.07.16"]
[Round "7.20"]
[White "Krzyzanowski, Marcin"]
[Black "Saatdjian, Thomas"]
[Result "1-0"]
[WhiteElo "2427"]
[BlackElo "2353"]
[Annotator ""]
[Source ""]
[Remark ""]

1.c4 e5 2.g3 Nf6 3.Bg2 d5 4.cxd5 Nxd5 5.Nc3 Nb6 6.e3 Nc6 7.Nge2
Bf5 8.O-O Qd3 9.f4 e4 10.a4 a5 11.g4 Bxg4 12.Bxe4 Qd7 13.d4 f5
14.Bg2 Bb4 15.Qc2 Bxe2 16.Qxe2 O-O 17.Qb5 Rad8 18.Kh1 Kh8 19.Bd2
Nb8 20.Bxb7 Qxb5 21.axb5 Nc4 22.Bc1 Nd7 23.Nd5 Ndb6 24.Nxb4 axb4
25.b3 Nd6 26.Bc6 Ne4 27.Bxe4 fxe4 28.Bd2 Nd5 29.Rg1 Rb8 30.Ra5
Rf5 31.Ra6 h6 32.Re6 Nf6 33.Re7 g5 34.fxg5 hxg5 35.Rxc7 Rbxb5
36.Ra1 Rb8 37.Rc5 Rf2 38.Be1 Re2 39.Bg3 Rf8 40.Rxg5 Rxe3 41.Be5
Rxb3 42.Rag1 1-0

[Event "Najdorf Memorial"]
[Site "Warsaw POL"]
[Date "2015.07.16"]
[Round "7.21"]
[White "Bartel, Michal"]
[Black "Blahynka, Martin"]
[Result "1/2-1/2"]
[WhiteElo "2331"]
[BlackElo "2420"]
[Annotator ""]
[Source ""]
[Remark ""]

1.e4 e5 2.Nf3 Nc6 3.Bb5 Nf6 4.d3 Bc5 5.O-O Nd4 6.Nxd4 Bxd4 7.Nd2
c6 8.Ba4 d6 9.h3 O-O 10.Bb3 a5 11.c3 Ba7 12.Nf3 h6 13.Be3 Bxe3
14.fxe3 Qb6 15.Qd2 Be6 16.Bxe6 fxe6 17.Rae1 c5 18.c4 a4 19.Rb1
Ra6 20.Nh2 Qa5 21.Qe2 Raa8 22.Ng4 Qd8 1/2-1/2

[Event "Najdorf Memorial"]
[Site "Warsaw POL"]
[Date "2015.07.16"]
[Round "7.22"]
[White "Paszewski, Mateusz"]
[Black "Szczepkowska-horowska, Karina"]
[Result "1/2-1/2"]
[WhiteElo "2252"]
[BlackElo "2392"]
[Annotator ""]
[Source ""]
[Remark ""]

1.c4 c5 2.g3 Nc6 3.Bg2 g6 4.Nc3 Bg7 5.Nf3 e5 6.O-O Nge7 7.a3
d6 8.b4 e4 9.Ng5 h6 10.Ngxe4 f5 11.bxc5 fxe4 12.cxd6 Qxd6 13.Nxe4
Qd8 14.Rb1 O-O 15.c5 Nf5 16.e3 Rb8 17.Bb2 Be6 18.Bxg7 Kxg7 19.d4
Bd5 20.Qa4 Qe7 21.Nc3 Bxg2 22.Kxg2 Qf7 23.Qb3 Qf6 24.Nd5 Nh4+
25.gxh4 Qf3+ 26.Kg1 Na5 27.Qb5 Qg4+ 28.Kh1 Qf3+ 29.Kg1 1/2-1/2

[Event "Najdorf Memorial"]
[Site "Warsaw POL"]
[Date "2015.07.16"]
[Round "7.23"]
[White "Snihur, Piotr"]
[Black "Johannesson, Ingvar Thor"]
[Result "0-1"]
[WhiteElo "2124"]
[BlackElo "2372"]
[Annotator ""]
[Source ""]
[Remark ""]

1.e4 e6 2.d4 d5 3.e5 c5 4.c3 Nc6 5.Nf3 Bd7 6.Be2 Qc7 7.O-O f6
8.Bf4 O-O-O 9.Qd2 f5 10.dxc5 Bxc5 11.b4 Be7 12.h4 Nh6 13.Re1
Nf7 14.Bd3 h6 15.h5 Ng5 16.Qe2 Be8 17.b5 Nxf3+ 18.Qxf3 Na5 19.Nd2
Bg5 20.Be3 Nc4 21.Nxc4 dxc4 22.b6 axb6 23.Be2 Bc6 24.Qg3 Bxe3
25.Qxe3 Be4 26.Red1 Rxd1+ 27.Rxd1 Rd8 28.Rxd8+ Kxd8 29.Qd4+ Bd5
30.Qf4 Qd7 31.Qd2 Qb5 32.Kh2 Ke7 33.Bd1 Qc6 34.f3 Kd8 35.Kg1
Kc7 36.Kf1 Qc5 37.Bc2 Qb5 38.Bd1 Kb8 39.Be2 Ka7 40.Bd1 Kb8 41.Be2
Ka7 42.Qc1 Qc5 43.Bd1 Qe7 44.Kg1 Kb8 45.f4 Qc5+ 46.Kf1 Be4 47.g3
Qd5 48.Kg1 Qd3 49.Kf2 Qd5 50.Kg1 Kc7 51.Be2 Qc5+ 52.Kf1 b5 53.a3
Bh1 54.Bd1 Qd5 55.Qc2 Be4 56.Qc1 Bf3 57.Ke1 Qe4+ 58.Kf2 Bh1 59.Qe3
Qg2+ 60.Ke1 Qd5 61.Be2 b6 62.Kf1 Bg2+ 63.Kf2 Be4 64.Kf1 Kb7 65.Qc1
Bd3 66.Bxd3 Qh1+ 0-1

[Event "Najdorf Memorial"]
[Site "Warsaw POL"]
[Date "2015.07.16"]
[Round "7.24"]
[White "Hnydiuk, Aleksander"]
[Black "Polok, Kacper"]
[Result "1/2-1/2"]
[WhiteElo "2370"]
[BlackElo "2213"]
[Annotator ""]
[Source ""]
[Remark ""]

1.Nf3 e6 2.g3 f5 3.Bg2 Nf6 4.O-O d5 5.c4 Be7 6.b3 O-O 7.Bb2 Bd7
8.d3 Be8 9.Nbd2 Bh5 10.Qc2 c5 11.cxd5 Nxd5 12.d4 Nd7 13.e4 Nb4
14.Qc4 fxe4 15.Qxe6+ Kh8 16.Qxe4 Nf6 17.Qxb7 Rb8 18.Qxa7 Ra8
19.Qb7 Rb8 1/2-1/2

[Event "Najdorf Memorial"]
[Site "Warsaw POL"]
[Date "2015.07.16"]
[Round "7.25"]
[White "Kowalski, Igor"]
[Black "Nasuta, Grzegorz"]
[Result "0-1"]
[WhiteElo "2146"]
[BlackElo "2365"]
[Annotator ""]
[Source ""]
[Remark ""]

1.d4 Nf6 2.c4 g6 3.Nc3 d5 4.Nf3 Bg7 5.Qb3 dxc4 6.Qxc4 O-O 7.e4
c6 8.Be2 b5 9.Qb3 a5 10.e5 Ne8 11.h4 Bg4 12.Be3 Nc7 13.Rd1 Nba6
14.h5 Bf5 15.a3 a4 16.Qa2 b4 17.axb4 Nxb4 18.Qc4 Nc2+ 19.Kf1
Nxe3+ 20.fxe3 Nd5 21.Kf2 Bh6 22.Nxd5 cxd5 23.Qc6 Bg7 24.hxg6
hxg6 25.Ra1 Qa5 26.Ra2 Rfc8 27.Qb5 Qd8 28.Qb4 Rcb8 29.Qd2 Qb6
30.Rha1 Bd7 31.Ne1 Bh6 32.Nd3 Qxd4 33.exd4 Bxd2 34.Nc5 Bc6 35.Rd1
Bg5 36.e6 Bf6 37.Bg4 Rb4 38.Ke3 Rab8 39.exf7+ Kxf7 40.Be6+ Kg7
41.Bd7 Bxd7 42.Nxd7 Rxb2 43.Rxb2 Rxb2 44.Nxf6 Kxf6 45.Ra1 Rb3+
46.Kf4 g5+ 47.Kg4 Rb4 0-1

[Event "Najdorf Memorial"]
[Site "Warsaw POL"]
[Date "2015.07.16"]
[Round "7.26"]
[White "Janik, Igor"]
[Black "Skawinski, Arkadiusz"]
[Result "1-0"]
[WhiteElo "2261"]
[BlackElo "2358"]
[Annotator ""]
[Source ""]
[Remark ""]

1.e4 e6 2.d4 d5 3.Nd2 a6 4.Bd3 c5 5.dxc5 Bxc5 6.Ngf3 Nf6 7.exd5
exd5 8.O-O O-O 9.Nb3 Bb6 10.Re1 Ng4 11.Re2 Re8 12.Nbd4 Nc6 13.c3
Nce5 14.Nxe5 Nxe5 15.Qe1 f6 16.f4 Bg4 17.fxe5 Bxe2 18.Qxe2 fxe5
19.Qh5 g6 20.Bxg6 Qe7 21.Bxe8 Rxe8 22.Be3 exd4 23.Qxd5+ Qe6 24.Qxe6+
Rxe6 25.Bxd4 Bxd4+ 26.cxd4 Re2 27.b3 Rd2 28.Rc1 Rxd4 29.Rc2 a5
30.Kf2 Rb4 31.Ke3 Kf7 32.Kd3 b5 33.Rc5 a4 34.Kc3 Rg4 35.g3 b4+
36.Kd3 axb3 37.axb3 Rg8 38.Rb5 Ra8 39.Rxb4 Ra2 40.Rh4 Kg6 41.b4 1-0

[Event "Najdorf Memorial"]
[Site "Warsaw POL"]
[Date "2015.07.16"]
[Round "7.27"]
[White "Rozycki, Bartlomiej"]
[Black "Stoma, Pawel"]
[Result "1-0"]
[WhiteElo "2198"]
[BlackElo "2353"]
[Annotator ""]
[Source ""]
[Remark ""]

1.d4 d5 2.c4 c6 3.Nf3 Nf6 4.e3 a6 5.Bd3 Nbd7 6.Nbd2 e6 7.Qc2
c5 8.b3 b6 9.O-O Bb7 10.Bb2 Be7 11.Rfd1 cxd4 12.exd4 Rc8 13.Rac1
O-O 14.Ne5 h6 15.Ndf3 Rc7 16.Qe2 dxc4 17.bxc4 Qa8 18.Nxd7 Rxd7
19.Ne5 Rc7 20.f3 Nh5 21.Bb1 Nf4 22.Qc2 g6 23.g3 Nh3+ 24.Kg2 Ng5
25.d5 Bf6 26.h4 Nh7 27.h5 exd5 28.hxg6 fxg6 29.Qxg6+ Rg7 30.Qxh6
d4 31.Rh1 Bxe5 32.Qe6+ Rff7 33.Bxh7+ Kf8 34.Ba3+ Re7 35.Bxe7+ 1-0

[Event "MetLife Warsaw Najdorf Chess Festival  gr. A"]
[Site "Warszawa"]
[Date "2015.07.16"]
[Round "7.28"]
[White "Lewtak, Damian"]
[Black "Nowak, Lukasz"]
[Result "1-0"]
[WhiteElo "2341"]
[BlackElo "2116"]
[Annotator ""]
[Source ""]
[Remark ""]

1.e4 c5 2.Nf3 d6 3.d4 cxd4 4.Qxd4 Nf6 5.Nc3 a6 6.Bc4 Nc6 7.Qd3
e6 8.Bf4 Qc7 9.Bb3 Bd7 10.O-O-O Ne5 11.Nxe5 dxe5 12.Be3 b5 13.f3
Rb8 14.g4 Be7 15.a4 Bc6 16.axb5 axb5 17.h4 b4 18.Nb1 Bb5 19.Qd2
Nd7 20.f4 Rd8 21.Qf2 O-O 22.f5 Bc4 23.Nd2 Bxb3 24.Nxb3 Qc4 25.Bg5
f6 26.Be3 Qxe4 27.fxe6 Nb8 28.Bc5 Nc6 29.Bxe7 Nxe7 30.Nc5 Qc4
31.Rd7 Ra8 32.Rhd1 Rfc8 33.g5 f5 34.Qe3 Ng6 35.e7 Nxe7 36.b3
Qxc5 37.Rd8+ Kf7 38.Qxc5 Rxc5 39.Rxa8 Rd5 40.Ra7 Rxd1+ 41.Kxd1
Ke6 42.Rb7 f4 43.Rxb4 Nd5 44.Rb8 e4 45.c4 Ne3+ 46.Kd2 Kf5 47.Re8
Ng2 48.c5 f3 49.c6 e3+ 50.Rxe3 1-0

[Event "Najdorf Memorial"]
[Site "Warsaw POL"]
[Date "2015.07.16"]
[Round "7.30"]
[White "Chomczyk, Marek"]
[Black "Bednarek, Sylwester"]
[Result "0-1"]
[WhiteElo "2165"]
[BlackElo "2291"]
[Annotator ""]
[Source ""]
[Remark ""]

1.e4 c5 2.Nf3 Nc6 3.d4 cxd4 4.Nxd4 Qb6 5.Nb3 Nf6 6.Nc3 e6 7.Be3
Qc7 8.a3 a6 9.Be2 d6 10.O-O b5 11.f4 Be7 12.Bf3 Bb7 13.Qe1 O-O
14.Rd1 Rfe8 15.Qg3 Nd7 16.Nd4 Bf8 17.Kh1 Na5 18.Be2 Rac8 19.f5
e5 20.Nf3 Nc4 21.Bxc4 Qxc4 22.Qh3 Nf6 23.Nd2 Qc7 24.Bg5 Be7 25.Bxf6
Bxf6 26.Rf3 a5 27.b4 axb4 28.axb4 Bg5 29.Nb3 Ba8 30.Qg4 f6 31.Na5
d5 32.exd5 e4 33.Nxe4 Qxc2 34.Rfd3 Qxd3 35.Rxd3 Rxe4 36.Qd1 Rc1
37.h4 Rxh4+ 38.Kg1 Rxd1+ 39.Rxd1 Be3+ 40.Kf1 Rh1+ 41.Ke2 Rxd1 0-1

[Event "Najdorf Memorial"]
[Site "Warsaw POL"]
[Date "2015.07.16"]
[Round "7.31"]
[White "Percivaldi, Martin"]
[Black "Masse, Hugues"]
[Result "0-1"]
[WhiteElo "2310"]
[BlackElo "2222"]
[Annotator ""]
[Source ""]
[Remark ""]

1.d4 Nf6 2.c4 g6 3.Nc3 d5 4.Nf3 Bg7 5.Qa4+ Bd7 6.Qb3 dxc4 7.Qxc4
O-O 8.Bf4 c6 9.e4 Bg4 10.Ne5 Be6 11.Qd3 Nbd7 12.Nxd7 Nxd7 13.Be2
Nb6 14.Rd1 Bc4 15.Qc2 Bxe2 16.Nxe2 f5 17.f3 fxe4 18.fxe4 e5 19.Qb3+
Kh8 20.dxe5 Qh4+ 21.Qg3 Qxg3+ 22.hxg3 Rae8 23.b3 Bxe5 24.Bxe5+
Rxe5 25.Nc3 Nd5 26.Kd2 Rf2+ 27.Kd3 Nxc3 28.Kxc3 Re7 29.Rhe1 Rxg2
30.Rd3 Rxa2 31.e5 Ra5 32.e6 Kg7 33.Rd8 Rg5 34.Re3 Rg4 35.Kd3
h5 36.Rd6 Kf6 37.Rd8 Rxe6 38.Rf3+ Kg5 39.Rd7 Rb4 40.Kc3 a5 41.Rfd3
Kg4 42.Rg7 g5 43.Rf7 Re5 44.Rg7 Reb5 45.Kc2 a4 46.bxa4 Rxa4 47.Rc3
Rab4 48.Ra3 Rb2+ 49.Kc3 Rg2 50.Kc4 Rxg3 51.Ra1 h4 52.Kd4 Rf3
53.Rg1+ Kh5 54.Ke4 Rf4+ 55.Ke3 Rb3+ 56.Ke2 Rf5 57.Kd2 Ra5 58.Kc2
Rg3 59.Rd1 Ra2+ 60.Kb1 Ra5 61.Rd4 Rb5+ 62.Kc2 h3 63.Rg8 Rf5 64.Rh8+
Kg6 65.Rd2 g4 66.Rd6+ Kg7 0-1

[Event "Najdorf Memorial"]
[Site "Warsaw POL"]
[Date "2015.07.16"]
[Round "7.32"]
[White "Jakubiec, Edyta"]
[Black "Zujev, Oleg"]
[Result "0-1"]
[WhiteElo "2212"]
[BlackElo "2296"]
[Annotator ""]
[Source ""]
[Remark ""]

1.d4 Nf6 2.c4 g6 3.Nc3 d5 4.Nf3 Bg7 5.e3 O-O 6.cxd5 Nxd5 7.Bc4
Nxc3 8.bxc3 c5 9.O-O Qc7 10.Be2 b6 11.Ba3 Rd8 12.Qb3 e6 13.Rfd1
Nd7 14.h4 Bb7 15.h5 Nf6 16.hxg6 hxg6 17.dxc5 bxc5 18.Qc4 Ne4
19.Rac1 Bd5 20.Qd3 Nxc3 21.Rxc3 Bxf3 22.Bxf3 Rxd3 23.Rcxd3 Rc8
24.Bc1 Bf6 25.Bd2 c4 0-1

[Event "Najdorf Memorial"]
[Site "Warsaw POL"]
[Date "2015.07.16"]
[Round "7.33"]
[White "Adamski, Jan"]
[Black "Kukula, Pawel"]
[Result "1/2-1/2"]
[WhiteElo "2293"]
[BlackElo "2211"]
[Annotator ""]
[Source ""]
[Remark ""]

1.Nf3 f5 2.c4 Nf6 3.g3 e6 4.Bg2 Be7 5.d4 d6 6.O-O O-O 7.b3 Ne4
8.Bb2 Bf6 9.Nbd2 Nc6 10.Qc2 Nxd2 11.Qxd2 e5 12.dxe5 dxe5 13.Qd5+
Kh8 14.Qxd8 Rxd8 15.Rfd1 Re8 16.Ne1 a5 17.Bxc6 1/2-1/2

[Event "Najdorf Memorial"]
[Site "Warsaw POL"]
[Date "2015.07.16"]
[Round "7.34"]
[White "Derakhshani, Dorsa"]
[Black "Dabrowska, Krystyna"]
[Result "0-1"]
[WhiteElo "2280"]
[BlackElo "2208"]
[Annotator ""]
[Source ""]
[Remark ""]

1.e4 e5 2.Nf3 Nc6 3.d4 exd4 4.Nxd4 g6 5.Be3 Bg7 6.Nc3 d6 7.f4
Nf6 8.Be2 O-O 9.O-O Re8 10.Bf3 Bd7 11.g4 Nxg4 12.Bxg4 Bxd4 13.Bxd4
Bxg4 14.Qxg4 Nxd4 15.Qg2 c6 16.f5 d5 17.Rad1 Qb6 18.Kh1 Qxb2
19.Qd2 Nb5 20.Qh6 Qb4 21.f6 Qf8 22.Qxf8+ Kxf8 23.Nxb5 cxb5 24.exd5
Rad8 25.a4 bxa4 26.c4 Re4 27.c5 Rc4 28.c6 bxc6 29.d6 a3 30.Rfe1
a2 31.Rd2 Rf4 0-1